| 000 | 00432 a2200157 4500 | ||
|---|---|---|---|
| 005 | 20250624094855.0 | ||
| 020 | _a0-256-13899-0 | ||
| 082 | _a658.5 VOL | ||
| 100 | _aVOLLMANN,Thomas E | ||
| 245 | _aManufacturing Planning and Control Systems | ||
| 250 | _a4th Ed. | ||
| 260 |
_aBoston _bMcGraw-Hill Irwin, _c1997 |
||
| 300 |
_axxv,836p.;Figure,picture _bIndex _c24cm. |
||
| 700 | _aWilliam L. Berry,D.Clay Whybark | ||
| 942 |
_2ddc _cBKS |
||
| 999 |
_c4802 _d4802 |
||